[Event "ESP-chT Regional U14"]
[Site "Padron"]
[Date "2016.06.23"]
[Round "1.72"]
[White "Muro Guerrero, Miguel"]
[Black "Yecora Entrena, Marcos"]
[Result "0-1"]
[WhiteElo "1640"]
[BlackElo "1317"]
[PlyCount "56"]
[EventDate "2016.06.23"]
[EventType "team-swiss"]
[EventRounds "6"]
[EventCountry "ESP"]
[SourceTitle "EXT 2017"]
[Source "ChessBase"]
[SourceDate "2016.10.25"]
[SourceVersion "1"]
[SourceVersionDate "2016.10.25"]
[SourceQuality "1"]
[WhiteTeam "Aragon"]
[BlackTeam "La Rioja"]
[WhiteTeamCountry "ESP"]
[BlackTeamCountry "ESP"]

1. e4 c5 2. Nf3 d6 3. d4 cxd4 4. Nxd4 Nf6 5. Nc3 a6 6. Be3 e5 7. Nb3 Be6 8. Be2 Be7 9. f3 Nbd7 10. Qd2 Qc7 11. 0-0-0 0-0 12. g4 b5 13. h4 b4 14. Nd5 Bxd5 15. exd5 a5 16. h5 a4 17. Na1 Rfb8 18. g5 Ne8 19. g6 b3 20. Qd3 a3 21. gxf7+ Kxf7 22. axb3 axb2+ 23. Kxb2 Qa5 24. Qxh7 Rc8 25. Bc4 Rxc4 26. Qg6+ Kf8 27. Qf5+ Nef6 28. Kc1 Qc3 0-1